000 00838cam a2200265 a 4500
001 1658854
005 20180117033939.0
008 960123s1995 kyua 001 0 eng d
010 _a 97124264
020 _a0912367784 :
_c$14.95
035 _a(OCoLC)34067625
040 _aNjTrCo
_cNjTrCo
_dDLC
041 _aeng
042 _alccopycat
043 _an-us-oh
080 _a917.71780443 NEF
082 0 0 _a917.71780443 NEF
_221
100 1 _a39
101 _aMED
245 1 4 _aThe Insiders' guide to greater Cincinnati :
_cby Jack Neff and Skip Tate.
246 1 8 _aCincinnati
906 _a7
_bcbc
_ccopycat
_d2
_encip
_f19
_gy-gencatlg
942 _2ddc
_cBK
999 _c40394
_d40394